Doba bernolákovská

Bibliographic Details
Main Author: Puchovský, Maroš, 1967- (Author)
Format: Article
Language:Slovak
Subjects:

MARC

LEADER 00000nab a2200000 ar4500
001 vtls008888163
003 SK-MaSNL
005 20260304182340.0
008 061205c2004 xo |r|p|||||||000 b|slo
015 |a SNBRA2006/12  |2 snkbucl 
038 |a SNKBUCL 
040 |a SNKBUCL  |b slo  |c SNKBUCL  |e AACR2 
041 0 |a slo 
044 |a xo  |c SK 
080 |a 911.162.4"17"  |2 2001 
100 1 |a Puchovský, Maroš,  |d 1967-  |4 aut  |9 192836 
245 1 0 |a Doba bernolákovská  |c Maroš Puchovský 
300 |b Obr. 
600 1 7 |a Bernolák, Anton,  |d 1762-1813   |2 snkbucl  |9 108364 
648 7 |a 18. stor.  |2 snkbucl  |9 283423 
650 0 7 |a slovenčina  |2 snkbucl  |9 1350 
650 0 7 |a bernolákovská slovenčina  |2 snkbucl  |9 75503 
650 0 7 |a bernolákovci  |2 snkbucl  |9 67252 
773 0 |t Národný kalendár 2005  |d Martin : Matica slovenská, 2004  |g S. 145-146  |z 8096922149 
852 |a SNK  |b KIS3GCP 
999 |c 3028821  |d 3030751